[Event "Syre Memorial op 30th"]
[Site "Issy les Moulineaux"]
[Date "2007.05.20"]
[Round "6"]
[White "Stiltz, Didier"]
[Black "Emmenecker, Philippe"]
[Result "0-1"]
[WhiteElo "1960"]
[BlackElo "2205"]
[PlyCount "28"]
[EventDate "2007.05.17"]
[EventType "swiss"]
[EventRounds "6"]
[EventCountry "FRA"]
[SourceTitle "EXT 2008"]
[Source "ChessBase"]
[SourceDate "2007.11.25"]
[SourceVersion "1"]
[SourceVersionDate "2007.11.25"]
[SourceQuality "1"]

1. d4 Nf6 2. c4 g6 3. Nc3 Bg7 4. e4 d6 5. f3 0-0 6. Be3 e5 7. d5 Nh5 8. Qd2 f5 9. Bd3 Qh4+ 10. Bf2 Qe7 11. Nge2 a6 12. Ng3 Nf4 13. Bf1 Bh6 14. 0-0-0 Nd3+ 0-1